<?xml version="1.0" encoding="UTF-8"?>
<record
    xmlns:xsi="http://www.w3.org/2001/XMLSchema-instance"
    xsi:schemaLocation="http://www.loc.gov/MARC21/slim http://www.loc.gov/standards/marcxml/schema/MARC21slim.xsd"
    xmlns="http://www.loc.gov/MARC21/slim">

  <leader>01813cam a22002413a 4500</leader>
  <controlfield tag="001">13636</controlfield>
  <controlfield tag="003">PGUSA</controlfield>
  <controlfield tag="005">20140828083307.0</controlfield>
  <controlfield tag="008">041005s2004||||xxu|||||s|||||000 | eng d</controlfield>
  <datafield tag="040" ind1=" " ind2=" ">
    <subfield code="a">PGUSA</subfield>
    <subfield code="b">eng</subfield>
  </datafield>
  <datafield tag="042" ind1=" " ind2=" ">
    <subfield code="a">dc</subfield>
  </datafield>
  <datafield tag="050" ind1=" " ind2="4">
    <subfield code="a">AP</subfield>
  </datafield>
  <datafield tag="245" ind1="1" ind2="0">
    <subfield code="a">Lippincott's Magazine of Popular Literature and Science, Volume 11, No. 23, February, 1873</subfield>
    <subfield code="h">[electronic resource] /</subfield>
    <subfield code="c">Various</subfield>
  </datafield>
  <datafield tag="260" ind1=" " ind2=" ">
    <subfield code="b">Project Gutenberg,</subfield>
    <subfield code="c">2004</subfield>
  </datafield>
  <datafield tag="505" ind1="0" ind2=" ">
    <subfield code="a">ILLUSTRATIONS -- SEARCHING FOR THE QUININE-PLANT IN PERU. -- Concluding Paper. -- A GLANCE AT THE SITE AND ANTIQUITIES OF ATHENS By J.L.T. PHILLIPS. -- COMMONPLACE By CONSTANCE FENIMORE WOOLSON. -- PROBATIONER LEONHARD; OR, THREE NIGHTS IN THE HAPPY VALLEY By CAROLINE CHESEBRO. -- Chapter IV.&#x2014;The Test&#x2014;With Mental Reservations. -- Chapter V.&#x2014;Sister Benigna. -- Chapter VI.&#x2014;The Men Of Spenersberg. -- Chapter VII.&#x2014;The Book. -- CHAPTER VIII.&#x2014;Conference Meeting. -- CHAPTER IX.&#x2014;Will The Architect Have Employment? -- COUNTRY-HOUSE LIFE IN ENGLAND By REGINALD WYNFORD. -- THE FOREST OF ARDEN By ITA ANIOL PROKOP. -- JACK, THE REGULAR By THOMAS DUNN ENGLISH. -- OBSERVATIONS AND ADVENTURES IN SUBMARINE DIVING By WILL WALLACE HARNEY. -- CONFIDENTIAL. -- GLIMPSES OF JOHN CHINAMAN By PRENTICE MULFORD. -- A WINTER REVERIE By MILLIE W. CARPENTER. -- "PASSPORTS, GENTLEMEN!" By A.H. -- OUR MONTHLY GOSSIP. -- The Cornwallis Family. -- Novelties In Ethnology. -- The Steam-whistle. -- Siamese News. -- Madison As A Temperance Man. -- LITERATURE OF THE DAY. -- Books Received.</subfield>
  </datafield>
  <datafield tag="506" ind1=" " ind2=" ">
    <subfield code="a">Public domain in the USA.</subfield>
  </datafield>
  <datafield tag="516" ind1=" " ind2=" ">
    <subfield code="a">Electronic text</subfield>
  </datafield>
  <datafield tag="653" ind1=" " ind2=" ">
    <subfield code="a">Science -- Periodicals</subfield>
  </datafield>
  <datafield tag="653" ind1=" " ind2=" ">
    <subfield code="a">Literature, Modern -- 19th century -- Periodicals</subfield>
  </datafield>
  <datafield tag="830" ind1=" " ind2="0">
    <subfield code="a">Project Gutenberg</subfield>
    <subfield code="v">13636</subfield>
  </datafield>
  <datafield tag="856" ind1="4" ind2="0">
    <subfield code="u">http://www.gutenberg.org/ebooks/13636</subfield>
  </datafield>
  <datafield tag="942" ind1=" " ind2=" ">
    <subfield code="c">EB</subfield>
  </datafield>
  <datafield tag="999" ind1=" " ind2=" ">
    <subfield code="c">242891</subfield>
    <subfield code="d">242891</subfield>
  </datafield>
  <datafield tag="952" ind1=" " ind2=" ">
    <subfield code="0">0</subfield>
    <subfield code="1">0</subfield>
    <subfield code="4">0</subfield>
    <subfield code="a">GTB</subfield>
    <subfield code="b">GTB</subfield>
    <subfield code="d">2014-08-28</subfield>
    <subfield code="l">0</subfield>
    <subfield code="r">2014-08-28 00:00:00</subfield>
    <subfield code="w">2014-08-28</subfield>
    <subfield code="y">EB</subfield>
  </datafield>
</record>
